<?xml version="1.0" encoding="UTF-8"?>
<record
    xmlns:xsi="http://www.w3.org/2001/XMLSchema-instance"
    xsi:schemaLocation="http://www.loc.gov/MARC21/slim http://www.loc.gov/standards/marcxml/schema/MARC21slim.xsd"
    xmlns="http://www.loc.gov/MARC21/slim">

  <leader>01451nam a2200325uu 4500</leader>
  <controlfield tag="001">1507214</controlfield>
  <controlfield tag="005">20260508093159.0</controlfield>
  <controlfield tag="007">co|||||||</controlfield>
  <controlfield tag="008">180925s1998                        spa  </controlfield>
  <datafield tag="035" ind1=" " ind2=" ">
    <subfield code="a">1507214</subfield>
  </datafield>
  <datafield tag="040" ind1=" " ind2=" ">
    <subfield code="c">comduadb</subfield>
  </datafield>
  <datafield tag="041" ind1=" " ind2=" ">
    <subfield code="a">spa</subfield>
  </datafield>
  <datafield tag="080" ind1=" " ind2=" ">
    <subfield code="a">R/CD</subfield>
  </datafield>
  <datafield tag="100" ind1="1" ind2="0">
    <subfield code="a">Cadavid Giraldo, Silvia</subfield>
    <subfield code="4">aut</subfield>
    <subfield code="e">aut</subfield>
    <subfield code="9">491582</subfield>
  </datafield>
  <datafield tag="245" ind1="1" ind2="0">
    <subfield code="a">Contextualizaci&#xF3;n arqueol&#xF3;gica de la cuenca media del rio Saman&#xE1; (Sur)</subfield>
  </datafield>
  <datafield tag="260" ind1=" " ind2=" ">
    <subfield code="a">Medell&#xED;n :</subfield>
    <subfield code="b">Autores (as),</subfield>
    <subfield code="c">1998.</subfield>
  </datafield>
  <datafield tag="300" ind1=" " ind2=" ">
    <subfield code="a">1 CD-ROM</subfield>
  </datafield>
  <datafield tag="520" ind1="3" ind2=" ">
    <subfield code="a">RESUMEN: El presente trabajo constituye un aporte al conocimiento arqueol&#xF3;gico de la regi&#xF3;n Sureste de Antioquia y Noreste del departamento de Caldas.
Se presentan los resultados de la prospecci&#xF3;n arqueol&#xF3;gica de un sector de la cuenca media del r&#xED;o Saman&#xE1;, cuenca hidrogr&#xE1;fica transversal al r&#xED;o Magdalena. Esta zona presenta unas caracter&#xED;sticas fisiogr&#xE1;ficas y geomorfol&#xF3;gicas destacables, que hacen de esta, una importante regi&#xF3;n desde el punto de vista arqueol&#xF3;gico...</subfield>
  </datafield>
  <datafield tag="650" ind1=" " ind2="7">
    <subfield code="a">Arqueolog&#xED;a</subfield>
    <subfield code="2">armarc</subfield>
    <subfield code="9">42020</subfield>
  </datafield>
  <datafield tag="650" ind1=" " ind2="7">
    <subfield code="a">Antropolog&#xED;a</subfield>
    <subfield code="2">lemb</subfield>
    <subfield code="9">42876</subfield>
  </datafield>
  <datafield tag="650" ind1=" " ind2=" ">
    <subfield code="a">An&#xE1;lisis contextual</subfield>
    <subfield code="9">90687</subfield>
  </datafield>
  <datafield tag="650" ind1=" " ind2=" ">
    <subfield code="a">Ceramica precolombina - Colombia</subfield>
    <subfield code="9">4716</subfield>
  </datafield>
  <datafield tag="650" ind1=" " ind2=" ">
    <subfield code="a">Caldas (Colombia)</subfield>
    <subfield code="9">50566</subfield>
  </datafield>
  <datafield tag="651" ind1=" " ind2="7">
    <subfield code="a">Saman&#xE1; (Colombia, R&#xED;o)</subfield>
    <subfield code="2"></subfield>
    <subfield code="9">857304</subfield>
  </datafield>
  <datafield tag="700" ind1="1" ind2="0">
    <subfield code="a">Ospina Cifuentes, Gonzalo</subfield>
    <subfield code="4">aut</subfield>
    <subfield code="e">aut</subfield>
    <subfield code="9">780378</subfield>
  </datafield>
  <datafield tag="700" ind1="1" ind2="0">
    <subfield code="a">Santos, Gustavo</subfield>
    <subfield code="4">ths</subfield>
    <subfield code="e">ths</subfield>
    <subfield code="9">242764</subfield>
  </datafield>
  <datafield tag="942" ind1=" " ind2=" ">
    <subfield code="c">TESIS</subfield>
  </datafield>
  <datafield tag="999" ind1=" " ind2=" ">
    <subfield code="c">790315</subfield>
    <subfield code="d">790315</subfield>
  </datafield>
  <datafield tag="502" ind1=" " ind2=" ">
    <subfield code="b">103</subfield>
    <subfield code="c">12</subfield>
  </datafield>
  <datafield tag="526" ind1=" " ind2=" ">
    <subfield code="a">104</subfield>
  </datafield>
  <datafield tag="952" ind1=" " ind2=" ">
    <subfield code="0">0</subfield>
    <subfield code="1">0</subfield>
    <subfield code="4">0</subfield>
    <subfield code="7">0</subfield>
    <subfield code="8">DIGITAL</subfield>
    <subfield code="a">CISH</subfield>
    <subfield code="b">CISH</subfield>
    <subfield code="d">2018-09-25</subfield>
    <subfield code="e">Material adquirido por donaci&#xF3;n</subfield>
    <subfield code="i">C1296117</subfield>
    <subfield code="l">0</subfield>
    <subfield code="o">R/CD-05034</subfield>
    <subfield code="r">2023-05-04 00:00:00</subfield>
    <subfield code="t">1</subfield>
    <subfield code="w">2023-05-04</subfield>
    <subfield code="y">DIGITAL</subfield>
  </datafield>
</record>
